000 00351nam a2200145Ia 4500
008 191201s1998 xx 000 0 und d
082 _a531.2
100 _aTHOMSON,W.T
245 0 _aTheory of Vibration with Applications
250 _a3rd Rep
260 _aN. Delhi
_bCBS Publishers
_c1998
300 _a467
650 _aB.Tech(ECE)
942 _2ddc
_cBK
999 _c533
_d533